Slogans Fill-in-the-Blank Quiz Stats

 Plays Quiz Updated Jan 8, 2019

Score 0/30 Timer 04:00
0 Plays Today
Slogan Answer % Correct
Melts in your _____, not in your handMouth
95.3%
Expect more. _____ lessPay
88.2%
Dont leave _____ without itHome
88.1%
Taste the _____Rainbow
88%
The breakfast of _____Champions
87.1%
The best a _____ can getMan
85.4%
You are now free to _____ about the countryMove
82.5%
Reach out and _____ someoneTouch
82.3%
Think outside the _____Bun
78.4%
_____ enough for a man; but made for a woman.Strong
77.6%
Give a _____, don't polluteHoot
75.6%
When you're here, you're _____Family
74.9%
We love to _____ and it showsFly
73.5%
Let your _____ do the walkingFingers
73.2%
Made from the best _____ on EarthStuff
71.4%
Slogan Answer % Correct
Where's the _____Beef
70.2%
Mentally _____ DiversionsStimulating
69.9%
See what _____ can do for youBrown
68.2%
It's the real _____Thing
65.2%
How do you _____ relief?Spell
61%
Have a _____ periodHappy
59%
Plop, plop, fizz, fizz, oh what a _____ it is!Relief
58.8%
The most trusted _____ in newsName
57.5%
You deserve a _____ todayBreak
56.7%
_____ for beerAustralian
50.7%
The _____ driving machine.Ultimate
47.5%
Mind the _____Gap
37.1%
Probably the best _____ in the worldBeer
32.3%
Anything less would be _____Uncivilized
21.3%
The world's _____ bankLocal
10%

You're not logged in!

Compare scores with friends on all Sporcle quizzes.
OR
Log In

You Might Also Like...

Show Comments

Extras

Top Quizzes Today


Score Distribution

Your Account Isn't Verified!

In order to create a playlist on Sporcle, you need to verify the email address you used during registration. Go to your Sporcle Settings to finish the process.

Report this User

Report this user for behavior that violates our Community Guidelines.

Details: